01922nam a2200301 a 450000100100000000500170001000800410002704000250006808200260009324501690011926000610028830000340034950000640038350000350044750000600048260000590054265100720060165100720067365100840074570000390082991000380086895201230090695201730102995201140120295201730131695201140148999900170160300002710920240409073641.0110328t1982 dr ac 001 0dspa d aDO-SdBNPbspacBNPHU a972.93053bE79u, 194604aLos Estados Unidos y Trujillo : año 1946 :bcolección de documentos del Departamento de Estado y de las Fuerzas Armadas Norteamericanas /ceditor Bernardo Vega. aSanto Domingo :bFundación Cultural Dominicana,c1982. a2 v. :bil., retrs. ;c26 cm. aIncluye datos biográficos del autor en la contracubierta. aIncluye índice onómastico. aIncluye bibliografía y notas al pie de las páginas.10aTrujillo Molina, Rafael Leónidas,d 1891-1961976764 4aEstados UnidosxRelaciones ExterioreszRepública Dominicana96309 4aRepública DominicanaxRelaciones ExterioreszEstados Unidos96308 4aRepública DominicanaxPolítica Y GobiernoyERA DE TRUJILLO, 1930-1961913741 aVega, Bernardo,d1938 -eed.93222 aValidado. Control de calidad EMS. 001054708PDaGRbGRcHDd2011-06-10iLF1l0ov. 1, e. 3p27109-30r2020-06-25w2020-06-25yLFPDZPréstamo en sala 0010718PDaPDbPDcHDd2011-03-29iLF1l0ov. 1p27109-10r2020-06-25w2020-06-25yLFPDzPerteneció a la biblioteca personal de Germán Emilio Ornes.ZNo se presta 0010718PDaPDbPDcHDd2011-03-29iLF1l0ov. 1, e. 2p27109-20r2020-06-25w2020-06-25yLFPDZNo se presta 0010718PDaPDbPDcHDd2011-08-04iLF1l0ov. 2p27109-40r2020-06-25w2020-06-25yLFPDzPerteneció a la biblioteca personal de Germán Emilio Ornes.ZNo se presta 0010718PDaPDbPDcHDd2011-08-04iLF1l0ov. 2, e. 2p27109-50r2020-06-25w2020-06-25yLFPDZNo se presta c26601d26601